Composers of Popular Operas - Statistics

General Stats
  • This quiz has been taken 105 times
  • The average score is 28 of 48
Answer Stats
Hint Answer % Correct
The Marriage of Figaro Mozart
96%
The Magic Flute Mozart
96%
Don Giovanni Mozart
96%
Idomeneo Mozart
96%
Tosca Puccini
96%
La boheme Puccini
96%
Madama Butterfly Puccini
96%
Turandot Puccini
96%
La traviata Verdi
95%
Rigoletto Verdi
95%
Don Carlos Verdi
95%
Falstaff Verdi
95%
Otello Verdi
95%
Carmen Bizet
89%
The Barber of Seville Rossini
86%
Fidelio Beethoven
85%
Tristan und Isolde Wagner
85%
Die Meistersinger von Nurnburg Wagner
85%
Lohengrin Wagner
85%
Die Walkure Wagner
85%
The Queen of Spades Tchaikovsky
72%
Der Rosenkavalier Strauss
68%
Salome Strauss
68%
Porgy and Bess Gerschwin
66%
Pelléas et Mélisande Debussy
46%
Peter Grimes Britten
45%
The Turn of the Screw Britten
45%
Dido and Aeneas Purcell
43%
Norma Bellini
42%
The Rake's Progress Stravinsky
42%
Lucia di Lammermoor Donizetti
39%
Bluebeard's Castle Bartok
38%
Boris Godunov Mussorgsky
38%
War and Peace Prokofiev
38%
Serse Handel
36%
Der Freishutz Weber
32%
Pagliacci Leoncavallo
30%
Lady Macbeth of Mtsensk Shostakovich
30%
Orfeo ed Eudrice Gluck
28%
Wozzeck Berg
27%
Les Troyens Berlioz
26%
Manon Massenet
26%
The Bartered Bride Smetana
26%
Die lustige Witwe Lehar
23%
Le Grand Macabre Ligeti
5%
Eugene Onegin Pushkin
5%
King Priam Tippet
5%
L'Orfeo Montverdi
4%
No matching quizzes found
Score Distribution
Percent of People with Each Score
Percentile by Number Answered
Your Score History
You have not taken this quiz